ICD (Record no. 110861)

MARC details
000 -LEADER
fixed length control field 01813cam a22002775a 4500
001 - CONTROL NUMBER
control field E150413
008 - FIXED-LENGTH DATA ELEMENTS--GENERAL INFORMATION
fixed length control field 100709s2007 xxk 000 0 eng u
020 ## - INTERNATIONAL STANDARD BOOK NUMBER
International Standard Book Number 9780418848500
035 ## - SYSTEM CONTROL NUMBER
System control number (Sirsi) u150413
041 0# - LANGUAGE CODE
Language code of text/sound track or separate title eng
050 04 - LIBRARY OF CONGRESS CALL NUMBER
Classification number 692.8 $2 18
110 2# - MAIN ENTRY--CORPORATE NAME
Corporate name or jurisdiction name as entry element Joint Contracts Tribunal
9 (RLIN) 3664
240 00 - UNIFORM TITLE
Uniform title ICD 05
245 00 - TITLE STATEMENT
Title ICD
Remainder of title intermediate building contract with contractor's design 2005, revision 1 2007 with attestation update
260 ## - PUBLICATION, DISTRIBUTION, ETC.
Place of publication, distribution, etc. London
Name of publisher, distributor, etc. Sweet and Maxwell
Date of publication, distribution, etc. 2007
300 ## - PHYSICAL DESCRIPTION
Extent iv, 86p.
Dimensions 30cm
490 ## - SERIES STATEMENT
Series statement JCT Intermediate Building Contract With Contractor's Design (2005 Edition)
520 ## - SUMMARY, ETC.
Summary, etc. Agreement for simple building works without complex building service installations or other specialist work. The contract can be used where the requirements for the contractor's design of discrete parts of the works are detailed by or on behalf of the employer and drawings bills of quantities, specifications or work schedules defining the quantity and quality of the work are provided. This form should only be used where there is a contract administrator and quantity surveyor to administer the conditions. It is suitable for projects which are to be carried out in sections, for private and local authority employers and where provisions are required to cover named specialists. It is not suitable as a design and build contract.
520 ## - SUMMARY, ETC.
Summary, etc. Incorporates Amendment 1, April 2007. Reprinted June 2008 incorporating Attestation Update.
650 24 - SUBJECT ADDED ENTRY--TOPICAL TERM
Topical term or geographic name entry element JCT INTERMEDIATE BUILDING CONTRACT WITH CONTRACTOR'S DESIGN (2005 EDITION)
650 24 - SUBJECT ADDED ENTRY--TOPICAL TERM
Topical term or geographic name entry element JCT INTERMEDIATE BUILDING CONTRACT (2005 EDITION)
651 #4 - SUBJECT ADDED ENTRY--GEOGRAPHIC NAME
Geographic name United Kingdom
Chronological subdivision
690 ## - LOCAL SUBJECT ADDED ENTRY--TOPICAL TERM (OCLC, RLIN)
Topical term or geographic name as entry element BUILT ENVIRONMENT-BUILDING CONTRACT FORMS-STANDARD FORMS OF BUILDING CONTRACT-JOINT CONTRACTS TRIBUNAL CONTRACTS
942 ## - ADDED ENTRY ELEMENTS (KOHA)
Suppress in OPAC 0
Holdings
Withdrawn status Lost status Source of classification or shelving scheme Damaged status Not for loan Home library Current library Shelving location Date acquired Total Checkouts Full call number Barcode Date last seen Copy number Price effective from Koha item type
    Dewey Decimal Classification     London London Boxed set 09/07/2010   JCT 2007/3 30075576 06/08/2019 1 06/08/2019 Reference material
    Dewey Decimal Classification     London London Boxed set 07/06/2011   JCT 2007/3 30075803 06/08/2019 2 06/08/2019 Reference material
    Dewey Decimal Classification     London London Boxed set 14/06/2011   JCT 2007/3 30077013 06/08/2019 3 06/08/2019 Reference material